Score 0/24 Timer 02:00
0 Plays Today
Half TV Show Whole TV Show % Correct
____ ____ Bang TheoryThe Big Bang Theory
96.9%
Malcolm in ____ ____Malcolm in the Middle
96%
Sex and ____ ____Sex and the City
96%
____ ____ is EarlMy Name is Earl
95.4%
Saved by ____ ____Saved by the Bell
95.4%
Teenage Mutant ____ ____Teenage Mutant Ninja Turtles
95.1%
Buffy the ____ ____Buffy the Vampire Slayer
94.8%
____ ____ No DealDeal or No Deal
94.8%
Sabrina, the ____ ____Sabrina, the Teenage Witch
94.5%
Dancing with ____ ____Dancing with the Stars
94.5%
____ ____ Top ModelAmerica's Next Top Model
94.2%
____: ____ Scene InvestigationCSI: Crime Scene Investigation
92%
Half TV Show Whole TV Show % Correct
The Dukes ____ ____The Dukes of Hazzard
91.4%
The Facts ____ ____The Facts of Life
90.5%
____ ____ Griffith ShowThe Andy Griffith Show
90.2%
____ ____ to BeaverLeave it to Beaver
89.6%
____ ____ World TurnsAs the World Turns
89.6%
____ ____ the HillKing of the Hill
89.3%
All in ____ ____All in the Family
87.8%
____ ____ of JeannieI Dream of Jeannie
86.5%
____ ____ Flying CircusMonty Python's Flying Circus
77.7%
My Wife ____ ____My Wife and Kids
76.8%
Minute to ____ ____Minute to Win It
70.3%
____ ____ the ClassHead of the Class
67.3%
Remove Ads.
Support Sporcle.
Get the best of Sporcle when you Go Orange. This ad-free experience offers more features, more stats, and more fun while also helping to support Sporcle. Thank you for becoming a member.

You're not logged in!

Compare scores with friends on all Sporcle quizzes.
OR
Log In

Show Comments

Extras

Created Jul 6, 2012ReportNominate
Tags:Show Quiz, cut, half, Halved, Series, Whole

Top Quizzes Today


Score Distribution

Your Account Isn't Verified!

In order to create a playlist on Sporcle, you need to verify the email address you used during registration. Go to your Sporcle Settings to finish the process.

Report this User

Report this user for behavior that violates our Community Guidelines.

Details: